Vzdelanie je návratnou investíciou
Štátny rozpočet schválený na rok 2009 otvára v budúcom roku nové možnosti rozvoja pre rezort školstva. Predstavuje podľa ministra financií historicky najvyššie zdroje pre oblasť školstva a vedy. Rozpočet vyčleňuje viac peňazí aj na dôchodky a mzdy. Podpora vedy a výskumu, aj formou grantov.
Salvato in:
| Autore principale: | |
|---|---|
| Natura: | Capitolo di libro |
| Lingua: | slovacco |
| Soggetti: | |
| Tags: |
Nessun Tag, puoi essere il primo ad aggiungerne!!
|
MARC
| LEADER | 00000naa$a2200000$$$4500 | ||
|---|---|---|---|
| 001 | 0087301 | ||
| 005 | 20231016085647.3 | ||
| 041 | 0 | |a slo | |
| 044 | |a SK | ||
| 245 | 1 | 0 | |a Vzdelanie je návratnou investíciou |c Emil Semanco |
| 520 | |a Štátny rozpočet schválený na rok 2009 otvára v budúcom roku nové možnosti rozvoja pre rezort školstva. Predstavuje podľa ministra financií historicky najvyššie zdroje pre oblasť školstva a vedy. Rozpočet vyčleňuje viac peňazí aj na dôchodky a mzdy. Podpora vedy a výskumu, aj formou grantov. | ||
| 610 | 2 | 0 | |a vzdelanie |
| 610 | 2 | 0 | |a školstvo |
| 610 | 2 | 0 | |a veda |
| 610 | 2 | 0 | |a výskum |
| 610 | 2 | 0 | |a rozpočet štátny |
| 610 | 2 | 0 | |a granty |
| 100 | 1 | |a Semanco, Emil | |